[Event "Newport"]
[Site "Newport"]
[Date "1998.??.??"]
[Round "3"]
[White "Dunnington, Angus J"]
[Black "Kargin, Arseny"]
[Result "1/2-1/2"]
[WhiteElo "2390"]
[BlackElo "2285"]

1.Nf3 d5 2.c4 c6 3.e3 Nf6 4.Nc3 g6 5.b3 Bg7 6.Bb2 O-O 7.Be2 Bg4 8.O-O e6
9.d3 Nbd7 10.b4 Re8 11.cxd5 cxd5 12.Rc1 a6 13.h3 Bxf3 14.Bxf3 b5 15.a4 Qb6
16.axb5 axb5 17.d4 Bf8 18.Qb3 Rec8 19.Ra1 Rxa1 20.Rxa1 Rc4 21.Na2 Ne4 22.Be2 Rc7
23.Bc3 Qc6 24.Be1 Nb6 25.Qd3 Nc4 26.Nc1 Nb2 27.Qb1 Na4 28.Nd3 Nec3 29.Bxc3 Nxc3
30.Qc2 Qc4 31.Bf1 Rc8 32.Ra7 Ne4 33.Qb2 Qc3 34.Qxc3 Rxc3 35.Ra2 Rb3 36.Nc5 Rxb4
37.Nxe4 dxe4 38.Ra5 Bd6 39.Rxb5 Rxb5 40.Bxb5 f5  1/2-1/2

[Event "RUS-Cup"]
[Site "Omsk/Perm"]
[Date "1998.??.??"]
[Round "4"]
[White "Fominyh, Alexander"]
[Black "Akhmadeev, Vadim"]
[Result "1-0"]
[WhiteElo "2530"]
[BlackElo "2445"]

1.Nf3 d5 2.c4 e6 3.g3 Nf6 4.Bg2 Be7 5.O-O O-O 6.b3 Nbd7 7.d4 c6 8.Qc2 b6
9.Rd1 Bb7 10.Nc3 Rc8 11.e4 Nxe4 12.Nxe4 dxe4 13.Qxe4 Re8 14.Qc2 h6 15.Bf4 Nf6
16.Qb2 Bd6 17.Bxd6 Qxd6 18.b4 Qc7 19.Ne5 Red8 20.c5 b5 21.a4 a6 22.Re1 Rb8
23.Ra3 Nd5 24.Bf3 Rf8 25.axb5 axb5 26.Rea1 Ra8 27.Rxa8 Bxa8 28.Qb1 Bb7 29.Bxd5 exd5
30.Qf5 Bc8 31.Qf3 Re8 32.Qd3 Qb7 33.h4 f6 34.Ng6 Bg4 35.f3 Bh5 36.Nf4 Bf7
37.h5 Qd7 38.Kf2 Qe7 39.Qd2 Qb7 40.Ra3 Ra8 41.Qa2 Rxa3 42.Qxa3 Qd7 43.g4 Qe8
44.Qa7 Kh7 45.Qc7 Kg8 46.Qd6 Kh7 47.Ng2 f5 48.gxf5 Bxh5 49.Nf4 Bf7 50.Qc7 Kg8
51.Nd3 Qa8 52.Ne5 Be8 53.Qe7 Qc8 54.f6 gxf6 55.Ng4 Bg6 56.Nxh6+ Kh8 57.Qxf6+ Kh7
58.Ng4 Kg8 59.Qxg6+  1-0

[Event "NOR-ch"]
[Site "Oslo"]
[Date "1998.??.??"]
[Round "8"]
[White "Gausel, Einar"]
[Black "Heim, Sverre"]
[Result "1/2-1/2"]
[WhiteElo "2555"]
[BlackElo "2415"]

1.Nf3 d5 2.c4 dxc4 3.e3 Nf6 4.Bxc4 e6 5.O-O a6 6.d4 c5 7.Bd3 Nc6 8.Re1 Be7
9.Nc3 O-O 10.a3 b5 11.dxc5 Bxc5 12.Qc2 Bb7 13.Ne4 Bb6 14.Nxf6+ Qxf6 15.Bxh7+ Kh8
16.Be4 Rac8 17.Qe2 Qh6 18.Bd2 f5 19.Bxc6 Bxc6 20.Bc3 Bc7 21.h3 Qg6 22.Rac1 Bd5
23.Red1 Kg8 24.Bb4 Rfe8 25.Kh1 Bb8 26.Rxc8 Rxc8 27.Bc3 Rc4 28.Rd4 Rxd4 29.Bxd4 Qh5
30.Ng1 Qg5 31.Nf3 Qh5 32.Bc3 Bxf3 33.Qxf3 Qxf3 34.gxf3 Kf7 35.f4 g6 36.Kg2 Bc7
37.Bd4 Bd8 38.f3 Ke8 39.Kf2 Kd7 40.Ke2 Kc6 41.Kd3 Kd5 42.Bc3 Bb6 43.b3 Kc6
44.a4 Kd5 45.axb5 axb5 46.e4+ Kc6 47.Bd4  1/2-1/2

[Event "HUN-ch U18"]
[Site "Paks"]
[Date "1998.??.??"]
[Round "6"]
[White "Kovacs, Adrian"]
[Black "Hajnal, Zoltan"]
[Result "1/2-1/2"]
[WhiteElo "2145"]
[BlackElo "2185"]

1.Nf3 d5 2.c4 c6 3.d4 e6 4.Nc3 f5 5.e3 Nf6 6.Bd3 Bd6 7.Qc2 Ne4 8.a3 O-O 9.Ne2 Qe7
10.b4 b6 11.Bb2 Bb7 12.Ne5 a5 13.b5 cxb5 14.cxb5 Bxe5 15.dxe5 Nc5 16.O-O Nbd7
17.a4 Rac8 18.f3 Rfe8 19.Bd4 Nxd3  1/2-1/2

[Event "Pardubice Czech op"]
[Site "Pardubice"]
[Date "1998.??.??"]
[Round "7"]
[White "Jirovsky, Milos"]
[Black "Neidig, Stefan"]
[Result "1/2-1/2"]
[WhiteElo "2435"]
[BlackElo "2260"]

1.Nf3 d5 2.c4 e6 3.g3 Nf6 4.Bg2 Be7 5.O-O O-O 6.d4 Nbd7 7.Qc2 c5 8.cxd5 Nxd5
9.Nc3 Nxc3 10.bxc3 cxd4 11.cxd4 Nb6 12.Bd2 Bd7 13.Ba5 Bc6 14.e3 Bd6 15.Rfc1 Rc8
16.Qe2 Bc7 17.Rab1 Be4 18.Rb5 Bc6 19.Rbc5 Qe7 20.Qe1 Bd6 21.R5c2 Ba3 22.Bxb6 axb6
23.Ra1 Ba4 24.Rxc8 Rxc8 25.Ne5 Bc2 26.Qe2 Qc7 27.Qb5 f6 28.Nd7 Qc3 29.Rf1 Bd3
30.Qxb6 Bxf1 31.Qxe6+ Kh8 32.Bxf1 Qc6 33.Qf7 Rd8 34.Bh3 Qd6 35.Qb3 b6 36.Qb5 g6
37.Qb3 Kg7 38.Qa4 Bb2 39.Qa7 Kh6 40.Nxb6 Bxd4 41.exd4 Qxd4 42.a4 Qc5 43.Bd7 f5
44.Qa6 f4 45.Qb5 Qd4 46.h4 fxg3 47.Qg5+ Kg7 48.Qe7+ Kh6 49.Qe3+ Qxe3 50.fxe3 Kh5
51.a5 Rb8 52.e4 Rb7 53.e5 Ra7 54.e6 Rxa5 55.e7 Re5 56.e8=Q Rxe8 57.Bxe8 Kxh4
58.Kg2 Kg4 59.Nd5 Kf5 60.Kxg3 Ke5 61.Ne3 h5 62.Kh4 Kf4 63.Nd5+ Ke5 64.Ne7 g5+
65.Kxg5 h4 66.Ng6+ Ke4 67.Bd7 h3 68.Bxh3 Kd4 69.Kf4 Kd5 70.Bf5 Kd4 71.Ne7 Kc4
72.Ke5 Kc3 73.Kd5 Kb3 74.Kd4 Kb4 75.Be6 Kb5 76.Bd5 Kb6 77.Kc4 Kc7 78.Kc5 Kd7
79.Nf5 Ke8 80.Kd6 Kf8 81.Ke6 Kg8 82.Kf6+ Kf8 83.Bc6 Kg8 84.Ne7+ Kf8 85.Ng6+ Kg8
86.Bd5+ Kh7 87.Bc4 Kh6 88.Bg8 Kh5 89.Ne5 Kh4 90.Kf5 Kg3 91.Bb3 Kf2 92.Kf4 Ke2
93.Ke4 Kd2 94.Kd4 Kc1 95.Kc3 Kb1 96.Nf3 Kc1 97.Nd4 Kb1 98.Nc2 Kc1 99.Ba2 Kd1
100.Nd4 Ke1 101.Kd3 Kf2 102.Bf7 Kg3 103.Ke4 Kg4 104.Ne6 Kg3 105.Bh5 Kf2 106.Kf4 Kg2
107.Ng5 Kf2 108.Bf3 Kf1 109.Ke3 Ke1 110.Ne6 Kf1 111.Nf4 Ke1 112.Nd3+ Kf1
113.Kf4 Kg1 114.Kg3 Kf1 115.Bg4 Kg1 116.Be2 Kh1 117.Nf4 Kg1 118.Nh3+ Kh1
119.Bf3+  1/2-1/2

[Event "Paris op"]
[Site "Paris"]
[Date "1998.??.??"]
[Round "3"]
[White "Goldsztein, Gildas"]
[Black "Ulveling, Jacques"]
[Result "0-1"]
[WhiteElo "2145"]
[BlackElo "2240"]

1.Nf3 d5 2.c4 d4 3.b4 g6 4.d3 Bg7 5.g3 a5 6.b5 b6 7.Bg2 Bb7 8.Bb2 e5 9.a4 Ne7
10.O-O O-O 11.Nbd2 Nd7 12.Ba3 Re8 13.Nb3 Nf8 14.e3 dxe3 15.fxe3 Nf5 16.Qe2 e4
17.dxe4 Rxe4 18.Rab1 Rxe3 19.Qf2 Bxf3 20.Bxf3 Rxb3  0-1

[Event "Paris"]
[Site "Paris"]
[Date "1998.??.??"]
[Round "8"]
[White "Lukov, Valentin"]
[Black "Gervasio, Ricardo"]
[Result "1-0"]
[WhiteElo "2470"]
[BlackElo "2330"]

1.Nf3 d5 2.c4 c6 3.Qc2 Nf6 4.g3 e6 5.Bg2 Bd6 6.O-O O-O 7.d3 Nbd7 8.Nc3 Re8
9.b3 Rb8 10.a4 a6 11.e3 Bf8 12.Bb2 e5 13.Rfd1 Qa5 14.Nd2 d4 15.exd4 exd4
16.Nce4 c5 17.b4 cxb4 18.Nb3 Qh5 19.Bxd4 Ng4 20.h3 Nge5 21.g4 Nxg4 22.hxg4 Qxg4
23.Re1 Ne5 24.Bxe5 Rxe5 25.d4 Rh5 26.Ng3 Rh6 27.Qe4 Qd7 28.Nc5 Qc7 29.a5 Be6
30.Nxe6 Rxe6 31.Qd5 Rd6 32.Qc5 Rc6 33.Qg5 Rxc4 34.Nf5 Rc2 35.Re7 Qc3 36.Rd1 Qb3
37.Bd5 Rc4 38.Nh6+  1-0

[Event "Paris op"]
[Site "Paris"]
[Date "1998.??.??"]
[Round "9"]
[White "Nikcevic, Nebojsa"]
[Black "Carton, Camille"]
[Result "1-0"]
[WhiteElo "2480"]
[BlackElo "2155"]

1.Nf3 d5 2.c4 e6 3.g3 c6 4.b3 Nf6 5.Bg2 Nbd7 6.d4 Bd6 7.Bb2 O-O 8.Nbd2 Qc7
9.O-O e5 10.c5 Be7 11.dxe5 Ng4 12.e4 Ngxe5 13.exd5 cxd5 14.b4 Bf6 15.Nxe5 Nxe5
16.Bxd5 Rd8 17.Ne4 Be6 18.Nd6 Bxd5 19.Qxd5 Qc6 20.Qxc6 bxc6 21.f4 Nd7 22.Bxf6 Nxf6
23.a3 a6 24.Ra2 Rab8 25.Nc4 Nd5 26.Na5 Rbc8 27.Rd2 Re8 28.Nxc6  1-0

[Event "Pizol op"]
[Site "Pizol"]
[Date "1998.??.??"]
[Round "4"]
[White "Kroekel, Bernd"]
[Black "Mottas, Christian"]
[Result "1/2-1/2"]
[WhiteElo "2055"]
[BlackElo "2205"]

1.Nf3 d5 2.c4 e6 3.g3 Nf6 4.Bg2 Be7 5.O-O O-O 6.b3 b6 7.Bb2 Bb7 8.cxd5 exd5
9.d4 Nbd7 10.Nc3 Re8 11.Ne5 Bf8 12.Nxd7 Qxd7 13.Rc1 Bd6 14.Nb1 Ba6 15.Re1 Ne4
16.Ba3 Bxa3 17.Nxa3 Rac8 18.e3 c5 19.Bf1 Bxf1 20.Rxf1 Qf5 21.dxc5 bxc5 22.Nb5 Re6
23.Nd4 Qh3 24.Nxe6 fxe6 25.Qe2 Rf8 26.f3 Ng5 27.Rxc5 Qh5 28.Kg2 Qh3+  1/2-1/2

[Event "Plzen opJ-B"]
[Site "Plzen"]
[Date "1998.??.??"]
[Round "3"]
[White "Marous, Roman"]
[Black "Tokmachev, I."]
[Result "1-0"]
[WhiteElo "1660"]
[BlackElo "1950"]

1.Nf3 d5 2.c4 c6 3.b3 Bf5 4.Bb2 e6 5.d4 Nf6 6.e3 Nbd7 7.Bd3 Bxd3 8.Qxd3 Bd6
9.Nbd2 O-O 10.O-O Re8 11.Rfd1 Qe7 12.Rac1 Rad8 13.c5 Bb8 14.b4 e5 15.Nxe5 Nxe5
16.dxe5 Bxe5 17.Bxe5 Qxe5 18.Nf3 Qh5 19.Qe2 a6 20.Nd4 Qg6 21.Qf3 Qe4 22.Qxe4 dxe4
23.Nf5 Kf8 24.Nd6 Re7 25.Rc4 Nd5 26.Nxe4 Red7 27.Rcd4 Ke7 28.a3 f6 29.Nd6 Kf8
30.R1d3 Nc7 31.Nf5 Rxd4 32.Rxd4 Rxd4 33.Nxd4 g6 34.Kf1 Ke7 35.Ke2 f5 36.f3 Kf6
37.e4 Ke5 38.Ke3 fxe4 39.fxe4 Nb5 40.Nxb5 axb5 41.h4 Kf6 42.Kf4 h6 43.e5+ Ke6
44.g4 Kf7 45.h5  1-0

[Event "Plzen opJ-B"]
[Site "Plzen"]
[Date "1998.??.??"]
[Round "4"]
[White "Marous, Roman"]
[Black "Kit, P."]
[Result "0-1"]
[WhiteElo "1660"]
[BlackElo "1770"]

1.Nf3 d5 2.c4 c6 3.b3 Bf5 4.Bb2 e6 5.d4 Nf6 6.e3 Nbd7 7.Bd3 Bxd3 8.Qxd3 Bd6
9.Nbd2 O-O 10.O-O Re8 11.Rfd1 e5 12.Nxe5 Nxe5 13.dxe5 Bxe5 14.Bxe5 Rxe5 15.Nf3 Re8
16.cxd5 Qxd5 17.Qxd5 Nxd5 18.Rd3 a5 19.a3 Kf8 20.Kf1 Ke7 21.Rad1 Red8 22.Ke1 Nf6
23.h3 Rd5 24.g4 h6 25.Nd4 g6 26.f3 Rad8 27.e4 R5d7 28.Ke2 Ke8 29.Ke3 Re7
30.Kf2 Red7 31.Ke3 Re7 32.Kf2 Nd7 33.Ke3 Nb6 34.a4 Nd5+ 35.Kf2 Nf4 36.R3d2 Nxh3+
37.Kg3 Ng5 38.Nc2 Rxd2 39.Rxd2 Rxe4 40.Rd6 Re7 41.Rd3 Rd7 42.Re3+ Kd8 43.Na3 Kc7
44.Nc4 b6 45.Kf2 Ne6 46.Rc3 Rd5 47.Ke3 Kb7 48.Ke4 Nc5+ 49.Ke3 h5 50.gxh5 gxh5
51.Kf2 h4 52.Kg2 Kc7 53.Kh3 Rh5 54.Ne3 Ne6 55.Ng2 f5 56.f4 Kd6 57.Rd3+ Kc5
58.Rc3+ Kd5 59.Rd3+ Nd4 60.Re3 b5 61.Nxh4 bxa4 62.bxa4 c5 63.Kg3 c4 64.Re5+ Kd6
65.Rxa5 c3 66.Re5 c2  0-1

[Event "Porto San Giorgio op"]
[Site "Porto San Giorgio"]
[Date "1998.??.??"]
[Round "4"]
[White "Rotstein, Arkadij"]
[Black "Khenkin, Igor"]
[Result "0-1"]
[WhiteElo "2485"]
[BlackElo "2565"]

1.Nf3 d5 2.c4 c6 3.e3 Nf6 4.b3 Bg4 5.Bb2 e6 6.Be2 Nbd7 7.O-O Bd6 8.cxd5 exd5
9.Nd4 Bxe2 10.Qxe2 O-O 11.Nf5 Be5 12.Bxe5 Nxe5 13.d4 Ng6 14.Nc3 Ne7 15.Qf3 Nxf5
16.Qxf5 Ne8 17.Na4 Nd6 18.Qf4 g5 19.Qf3 Ne4 20.Qf5 Qe7 21.Rac1 Nd6 22.Qc2 f5
23.Nc5 Rae8 24.Nd3 f4 25.exf4 gxf4 26.Rfe1 Qg7 27.Rxe8 Rxe8 28.Nxf4 Qxd4
29.g3 Qe4 30.Qd2 Qe5 31.Rd1 Ne4 32.Qa5 Nc3 33.Rd3 Ne2+ 34.Nxe2 Qxe2 35.Rd4 Rf8
36.Qd2 Rxf2 37.Qg5+ Kf7 38.Rf4+ Rxf4 39.Qxf4+ Kg6 40.Qd6+ Kh5 41.Qd7 Qe1+
42.Kg2 Qe2+ 43.Kg1 Qe1+ 44.Kg2 Qe4+ 45.Kh3 Kg6 46.Qxb7 d4 47.Qb8 d3 48.Qg8+ Kf6
49.Qf8+ Ke5 50.Qe7+ Kd4 51.Qb4+ Kd5 52.Qa5+ Ke6 53.Qd2 Qe2 54.Qh6+ Kd5 55.Qg5+ Kd4
56.Qg7+ Qe5 57.Qxa7+ Kc3 58.Qa3 Qe6+ 59.Kg2 d2 60.b4+ Kc2 61.Qa4+ Kc1 62.Qa3+ Kd1
63.Qc3 Ke1 64.h4 Qe4+ 65.Kh2 Ke2 66.Qb2 Qe3 67.b5 Ke1 68.Qb4 c5 69.Qa5 Ke2  0-1

[Event "Mitropa Cup"]
[Site "Portoroz"]
[Date "1998.??.??"]
[Round "2"]
[White "Forster, Richard"]
[Black "Luther, Thomas"]
[Result "1/2-1/2"]
[WhiteElo "2475"]
[BlackElo "2560"]

1.Nf3 d5 2.c4 d4 3.g3 g6 4.Bg2 Bg7 5.d3 e5 6.b4 Ne7 7.O-O O-O 8.Nbd2 h6 9.Rb1 g5
10.Nb3 Ng6 11.e3 dxe3 12.Bxe3 Nc6 13.b5 Nce7 14.Re1 Re8 15.Nfd2 Nf5 16.Nc5 Nd6
17.Nde4 Re7 18.Qb3 Kh8 19.a4 Rb8 20.a5 Nf5 21.Nc3 Nxe3 22.Rxe3 Qd4 23.N5a4 Qd8
24.Nd5 Re8 25.b6 axb6 26.axb6 cxb6 27.Qxb6 Bd7 28.Qxd8 Rexd8 29.Nab6 Bc6
30.Nb4 Be8 31.Ree1  1/2-1/2

[Event "Mitropa Cup"]
[Site "Portoroz"]
[Date "1998.??.??"]
[Round "2"]
[White "Wirthensohn, Heinz"]
[Black "Ellers, Holger"]
[Result "0-1"]
[WhiteElo "2390"]
[BlackElo "2425"]

1.Nf3 d5 2.c4 e6 3.b3 Nf6 4.Bb2 Be7 5.cxd5 exd5 6.e3 O-O 7.Be2 c6 8.O-O Nbd7
9.d3 Re8 10.Nbd2 a5 11.a3 Bd6 12.Re1 Qe7 13.Qc1 Nc5 14.Bf1 Bf5 15.Qc3 Qf8
16.Nd4 Bg6 17.N2f3 Ng4 18.g3 Ne6 19.Nxe6 fxe6 20.Bh3 Be5 21.d4 Qxf3 22.Bxg4 Qxg4
23.dxe5 Be4  0-1

[Event "CRO-chT2"]
[Site "Pula"]
[Date "1998.??.??"]
[Round "2"]
[White "Sinanovic, Muhamed"]
[Black "Bukal, Vladimir Sr"]
[Result "1/2-1/2"]
[WhiteElo "2400"]
[BlackElo "2400"]

1.Nf3 d5 2.c4 c6 3.d4 Nf6 4.Nc3 a6 5.a4 e6 6.g3 dxc4 7.Bg2 c5 8.O-O Nc6 9.dxc5 Qxd1
10.Nxd1 Bxc5 11.Be3 Be7 12.Nd2 Nd5 13.Nxc4 Nxe3 14.Ndxe3 Bd7 15.Nb6 Rd8 16.Rfd1 Na5
17.Nxd7 Rxd7 18.Rac1 Kd8 19.Nc4 Nxc4 20.Rxd7+ Kxd7 21.Rxc4 Rc8 22.Rxc8  1/2-1/2

[Event "Pula op"]
[Site "Pula"]
[Date "1998.??.??"]
[Round "7"]
[White "Wojtkiewicz, Aleksander"]
[Black "Nikolac, Juraj"]
[Result "1-0"]
[WhiteElo "2535"]
[BlackElo "2435"]

1.Nf3 d5 2.c4 e6 3.d4 Nf6 4.g3 Bb4+ 5.Bd2 Be7 6.Bg2 O-O 7.Qc2 Nbd7 8.O-O c6
9.Bf4 b6 10.Rd1 Bb7 11.Nc3 Nh5 12.Bc1 f5 13.b3 Bd6 14.a4 a5 15.Ba3 Bxa3 16.Rxa3 Qe7
17.Raa1 Nhf6 18.e3 Rac8 19.Ne2 c5 20.Nf4 dxc4 21.bxc4 cxd4 22.exd4 Nd5 23.Nxe6 Qxe6
24.cxd5 Bxd5 25.Qd3 Qc6 26.Re1 Be4 27.Qb3+ Kh8 28.Qe3 Qa8 29.Nh4 Rce8 30.f3 f4
31.Qd2 Bc6 32.Rxe8 Qxe8 33.d5 Qe5 34.Rd1 Bxa4 35.Re1 Qd6 36.g4 Qc5+ 37.Kh1 Qb4
38.Qf2 Nc5 39.Bf1 Qc3 40.Nf5 Bb3 41.d6 Qf6 42.Re7 Ne6 43.Qxb6 Bd5 44.d7 g6
45.Re8 Qa1 46.Kg1  1-0

[Event "Jirasek mem"]
[Site "Rakovnik"]
[Date "1998.??.??"]
[Round "6"]
[White "Struzka, Vlastimil"]
[Black "Hrach, Josef"]
[Result "0-1"]
[WhiteElo "1725"]
[BlackElo "1915"]

1.Nf3 d5 2.c4 e6 3.g3 Nf6 4.Bg2 c6 5.cxd5 exd5 6.b3 Be7 7.Bb2 O-O 8.O-O Re8
9.d4 Nbd7 10.Nc3 Bf8 11.Rc1 Ne4 12.Qd3 Ndf6 13.Ne5 Bf5 14.Nxe4 Nxe4 15.Qf3 Be6
16.Qe3 f6 17.Bxe4 dxe4 18.Nc4 Bh3 19.Rfd1 Qd5 20.Nd2 Rad8 21.f3 exf3 22.Qxf3 Qxf3
23.exf3 Re2 24.Bc3 Rde8 25.a4 Rg2+ 26.Kh1 Ree2 27.Nf1 Rgf2 28.Kg1 Bxf1 29.Rxf1 Rg2+  0-1

[Event "Recklinghausen op"]
[Site "Recklinghausen"]
[Date "1998.??.??"]
[Round "?"]
[White "Hoffmann, Michael"]
[Black "Mamedova, Rena"]
[Result "1/2-1/2"]
[WhiteElo "2440"]
[BlackElo "2185"]

1.Nf3 d5 2.c4 dxc4 3.Qa4+ Nc6 4.Ne5 Bd7 5.Nxd7 Qxd7 6.Qxc4 e5 7.g3 Bd6 8.Bg2 Nge7
9.O-O h5 10.Nc3 h4 11.b4 Bxb4 12.Rb1 Ba5 13.Ba3 Bb6 14.Ne4 hxg3 15.hxg3 Qd4
16.Qb3 Na5 17.Qc2 Nec6 18.Nc5 Qg4 19.e3 O-O-O 20.Rfc1 Rh6 21.Nxb7 Kxb7 22.Bb4 f5
23.Bxa5 e4 24.Rb3 Rdh8 25.Bxb6 axb6 26.d3 Qf3 27.Bxf3 exf3 28.Qxc6+ Rxc6
29.Rxc6 Kxc6 30.Rb4  1/2-1/2

[Event "Recklinghausen op"]
[Site "Recklinghausen"]
[Date "1998.??.??"]
[Round "?"]
[White "Schlichtmann, Gisbert"]
[Black "Feigin, Mihail"]
[Result "0-1"]
[WhiteElo "2235"]
[BlackElo "2500"]

1.Nf3 d5 2.c4 e6 3.g3 dxc4 4.Qa4+ Nd7 5.Bg2 a6 6.Qxc4 b5 7.Qb3 Bb7 8.O-O Ngf6
9.d3 Be7 10.Bd2 c5 11.Nc3 O-O 12.Rfc1 Rc8 13.a4 c4 14.Qc2 b4 15.Nb1 cxd3
16.Qxd3 Rxc1+ 17.Bxc1 Nc5 18.Qxd8 Rxd8 19.Nbd2 Nfe4 20.Kf1 Bf6 21.Nxe4 Rd1+
22.Ne1 Bxe4 23.Bxe4 Nxe4 24.e3 Nc3 25.f3 b3 26.Kf2 Na2  0-1

[Event "Regensburg op"]
[Site "Regensburg"]
[Date "1998.??.??"]
[Round "7"]
[White "Prang, Edgar"]
[Black "Hiermann, Dietmar"]
[Result "1-0"]
[WhiteElo "2305"]
[BlackElo "2140"]

1.Nf3 d5 2.c4 c6 3.g3 Nf6 4.Bg2 g6 5.b3 Bg7 6.Bb2 O-O 7.O-O Re8 8.d3 Na6
9.Nbd2 Bg4 10.h3 Be6 11.a3 Qb6 12.Qc2 Rad8 13.Rac1 Bh6 14.Rb1 Bg7 15.b4 Qc7
16.Be5 Qc8 17.Kh2 Nh5 18.Bxg7 Nxg7 19.Rfc1 dxc4 20.Nxc4 Nc7 21.Na5 Nf5 22.a4 a6
23.Qc5 f6 24.Qa7 Nd6 25.Nd4 Qb8 26.Qxb8 Rxb8 27.Nxb7 Nxb7 28.Rxc6 Ba2 29.Rb2 Nd5
30.Rc1 Nd6 31.b5 axb5 32.axb5 e5 33.Rxa2 Nb4 34.Rb2 Nxd3 35.exd3 exd4 36.b6 Kf8
37.Rc6 Ke7 38.Rc7+ Ke6 39.g4 f5 40.Rxh7  1-0

[Event "Saint Affrique op"]
[Site "Saint Affrique"]
[Date "1998.??.??"]
[Round "3"]
[White "Bricard, Emmanuel"]
[Black "Kovarcik, Thomas"]
[Result "1-0"]
[WhiteElo "2450"]
[BlackElo "2190"]

1.Nf3 d5 2.c4 c6 3.d4 Nf6 4.Nc3 dxc4 5.e3 b5 6.a4 b4 7.Nb1 Ba6 8.Qc2 e6 9.Bxc4 Bxc4
10.Qxc4 a5 11.Nbd2 Qd5 12.b3 c5 13.Bb2 Nbd7 14.Rc1 Be7 15.dxc5 Qxc4 16.Rxc4 Nxc5
17.Ke2 O-O 18.Bxf6 gxf6 19.Rhc1 Na6 20.Nd4 Bd8 21.Rc6 f5 22.Nc4 Kg7 23.Nb5 Be7
24.Nb6 Rad8 25.Nc8 Bf6 26.Ncd6 Nb8 27.Rb6 Be5 28.Nb7 Rd5 29.f4 Bf6 30.Rc7 Bd8
31.Nxd8 Rfxd8 32.Rxe6 Rd2+ 33.Kf3 R8d7 34.Rxd7 Nxd7 35.Rd6 Rxd6 36.Nxd6 Kf6
37.Nb7 Ke6 38.e4 fxe4+ 39.Kxe4 h6 40.Nxa5 Nc5+ 41.Kd4 Nd7 42.Nc6  1-0

[Event "Saint Affrique op"]
[Site "Saint Affrique"]
[Date "1998.??.??"]
[Round "6"]
[White "Collas, Didier"]
[Black "Huguet, Bernard"]
[Result "1-0"]
[WhiteElo "2355"]
[BlackElo "2145"]

1.Nf3 d5 2.c4 d4 3.b4 g6 4.d3 Bg7 5.Nbd2 e5 6.Nb3 Ne7 7.g3 O-O 8.Bg2 c6 9.O-O Nd7
10.a4 b6 11.b5 Bb7 12.Ng5 Qc7 13.bxc6 Bxc6 14.Ne4 f5 15.Ba3 fxe4 16.Bxe7 Rf7
17.Bg5 exd3 18.exd3 Bxg2 19.Kxg2 Nc5 20.Nxc5 bxc5 21.Rb1 Rb8 22.f3 Rxb1 23.Qxb1 Rf8
24.Rf2 Rb8 25.Rb2 Rxb2+ 26.Qxb2 Kf7 27.Qb5 Bf8 28.a5 Be7 29.Bd2 Bd6 30.a6 Ke7
31.Bg5+ Kf8 32.h3 Kf7 33.g4 Kf8 34.Bc1 Kf7 35.Ba3 Ke7 36.h4 Kd8 37.Bc1 Ke7
38.Bg5+ Kf7 39.Kf1 Kf8 40.Ke2 Kf7 41.Bd2 Ke7 42.Ba5 Qc8 43.Bd2 Ke6 44.Bg5 Kf7
45.Kd1 Ke6 46.Kc2 Qa8 47.Kb3 h6 48.Bxh6 Qxf3 49.Qe8+ Be7 50.Qxg6+ Kd7 51.h5 Qd1+
52.Kb2 Qe2+ 53.Kc1 Qe1+ 54.Kc2 Qc3+ 55.Kd1 Qa1+ 56.Ke2 Qg1 57.Qe4 Qh2+ 58.Kd1 Qg1+
59.Kc2 Qf2+ 60.Bd2 Bg5 61.Qd5+ Kc8 62.Qxc5+ Kd8 63.Qd5+ Kc8 64.Qg8+  1-0

[Event "ESP-chT"]
[Site "Salamanca"]
[Date "1998.??.??"]
[Round "4"]
[White "Fernandez Pena, P."]
[Black "Iruzubieta, Jesus Maria"]
[Result "0-1"]
[WhiteElo "2285"]
[BlackElo "2420"]

1.Nf3 d5 2.c4 c6 3.e3 Nf6 4.Nc3 a6 5.a4 e6 6.Be2 Nbd7 7.d4 Bd6 8.O-O O-O
9.Qc2 dxc4 10.Bxc4 e5 11.a5 Qe7 12.h3 c5 13.Re1 e4 14.Nd2 b5 15.axb6 Nxb6
16.Bf1 Bb7 17.Na4 Nxa4 18.Qxa4 cxd4 19.exd4 Bb4 20.Re3 a5 21.Nxe4 Nxe4 22.f3 Rad8
23.fxe4 Rxd4 24.Rd3 Qxe4 25.Rxd4 Qxd4+ 26.Kh1 h6 27.Qb5 Be4  0-1

[Event "Balazs mem op"]
[Site "Salgotarjan"]
[Date "1998.??.??"]
[Round "9"]
[White "Krutti, Valer"]
[Black "Forgo, Eva"]
[Result "1/2-1/2"]
[WhiteElo "2360"]
[BlackElo "2245"]

1.Nf3 d5 2.c4 c6 3.d4 Nf6 4.cxd5 cxd5 5.Nc3 Nc6 6.Bf4 Bf5 7.e3 a6 8.Bd3 Bxd3
9.Qxd3 e6 10.O-O Bd6 11.Bxd6 Qxd6 12.Rfc1 Nb4 13.Qe2  1/2-1/2

[Event "San Jose op"]
[Site "San Jose"]
[Date "1998.??.??"]
[Round "1"]
[White "Hernando Rodrigo, Julio Ant"]
[Black "Garcia Valer, Jesus V"]
[Result "1-0"]
[WhiteElo "2260"]
[BlackElo "1950"]

1.Nf3 d5 2.c4 c6 3.cxd5 cxd5 4.d4 Nf6 5.Nc3 Nc6 6.Bf4 Bf5 7.e3 e6 8.Bb5 Nd7
9.Qa4 Rc8 10.O-O Be7 11.Rfc1 a6 12.Bxc6 Rxc6 13.Nd1 b5 14.Qb3 Rc4 15.Nd2 Qa5
16.Nc3 Rb4 17.Nxd5 exd5 18.Qxd5 O-O 19.Qxf5 Rxb2 20.Nb3 Qd8 21.Qd5 Nb6 22.Qxd8 Bxd8
23.Bd6 Re8 24.Ba3 Nc4 25.Bxb2 Nxb2 26.Rc8  1-0

[Event "Sao Paulo zt"]
[Site "Sao Paulo"]
[Date "1998.??.??"]
[Round "5"]
[White "Limp, Eduardo"]
[Black "Matsuura, Everaldo"]
[Result "1/2-1/2"]
[WhiteElo "2410"]
[BlackElo "2400"]

1.Nf3 d5 2.c4 c6 3.e3 Nd7 4.cxd5 cxd5 5.d4 Ngf6 6.Nc3 e6 7.Bd3 Bd6 8.O-O O-O
9.b3 a6 10.Bb2 b5 11.e4 b4 12.e5 bxc3 13.Bc1 Be7 14.exf6 Nxf6 15.Qc2 Qc7
16.Bg5 h6 17.Bxf6 gxf6 18.Rac1 Bb4 19.Qe2 Bd7 20.Qe3 Kg7 21.Ne5 fxe5 22.Qg3+ Kh8
23.Qh4 Kg7 24.Qg4+ Kh8 25.Qh4 Kg7 26.Qg4+ Kh8 27.Qh4  1/2-1/2

[Event "Liechtenstein op"]
[Site "Schaan"]
[Date "1998.??.??"]
[Round "2"]
[White "Poettinger, Harald"]
[Black "Peredy, Ferenc"]
[Result "1/2-1/2"]
[WhiteElo "2260"]
[BlackElo "2470"]

1.Nf3 d5 2.c4 dxc4 3.Qa4+ Nd7 4.g3 a6 5.Qxc4 c5 6.Bg2 e6 7.O-O Ngf6 8.Qc2 Be7
9.d4 Ra7 10.dxc5 Bxc5 11.Nbd2 b5 12.Nb3 Rc7  1/2-1/2

[Event "Liechtenstein op"]
[Site "Schaan"]
[Date "1998.??.??"]
[Round "5"]
[White "Espig, Lutz"]
[Black "Rosemann, Uwe"]
[Result "1-0"]
[WhiteElo "2405"]
[BlackElo "2190"]

1.Nf3 d5 2.c4 e6 3.b3 Nf6 4.g3 g6 5.Bb2 Bg7 6.Bg2 O-O 7.O-O b6 8.d4 Bb7 9.Ne5 Nbd7
10.Nc3 a6 11.Rc1 Rc8 12.e3 Re8 13.Qe2 c6 14.f4 Qe7 15.Rfd1 Red8 16.Rd2 b5
17.a3 bxc4 18.bxc4 c5 19.cxd5 exd5 20.Nxd7 Qxd7 21.dxc5 Rxc5 22.Rcd1 Qc6
23.Nb1 Re8 24.Bd4 Rc1 25.Rxc1 Qxc1+ 26.Rd1 Qc6 27.Qb2 Ba8 28.Nc3 Qe6 29.Rd3 Bf8
30.Qb3 Qd6 31.Bxf6 Qxf6 32.Bxd5 Bc5 33.Bxa8 Rxa8 34.Ne4 Qa1+ 35.Kg2 Be7 36.Qb7 Re8
37.Qxa6 Qe1 38.Qb7 Qe2+ 39.Nf2 Bc5 40.Qc6 Rxe3 41.Rd8+ Bf8 42.Qa8  1-0

[Event "Staufer op 10th"]
[Site "Schwaebisch Gmuend"]
[Date "1998.??.??"]
[Round "3"]
[White "Pribyl, Martin"]
[Black "Rogowski, Uwe"]
[Result "1-0"]
[WhiteElo "2350"]
[BlackElo "2045"]

1.Nf3 d5 2.c4 dxc4 3.Na3 Nf6 4.Nxc4 g6 5.b3 Bg7 6.Bb2 O-O 7.g3 c6 8.Bg2 Be6
9.O-O Na6 10.d3 h6 11.Qd2 Qc8 12.Rfd1 Rd8 13.Rac1 Bh3 14.Bh1 Nc5 15.Qb4 b6
16.Nce5 Nd5 17.Qc4 Be6 18.Qc2 Nb4 19.Qb1 a5 20.Nc4 Qa6 21.Bxg7 Kxg7 22.d4 Nd7
23.a3 Nd5 24.e4 N5f6 25.Ne3 Qb5 26.d5 cxd5 27.Nd4 Qa6 28.Nxe6+ fxe6 29.exd5 Ne5
30.Qa1 Nd3 31.Rc7 e5 32.Qc3 Nxf2 33.Kxf2 Rf8 34.Kg1 Kg8 35.Qxe5  1-0

[Event "Staufer op 10th"]
[Site "Schwaebisch Gmuend"]
[Date "1998.??.??"]
[Round "6"]
[White "Tuncer, Ufuk"]
[Black "Klovans, Janis"]
[Result "0-1"]
[WhiteElo "2240"]
[BlackElo "2460"]

1.Nf3 d5 2.c4 e6 3.d4 Nf6 4.Nc3 Be7 5.Bg5 O-O 6.e3 h6 7.Bh4 b6 8.cxd5 Nxd5
9.Bxe7 Qxe7 10.Nxd5 exd5 11.Be2 Be6 12.O-O c5 13.Rc1 Nd7 14.b3 Rac8 15.Bb5 Rfd8
16.Bxd7 Qxd7 17.Ne5 Qd6 18.Qe2 f6 19.Nd3 c4 20.Nf4 Bf7 21.Rfd1 b5 22.g3 g5
23.Ng2 Bg6 24.Ne1 Kg7 25.f3 Re8 26.Kf2 Qa3 27.Ra1 Re7 28.Ng2 Qd6 29.bxc4 Rxc4
30.Rd2 a5 31.Ne1 b4 32.Nd3 Rxd4 33.exd4 Rxe2+ 34.Kxe2 Qe6+ 35.Kf2 Qa6 36.Nc5 Qc4
37.Re1 Qc3 38.Re7+ Kf8 39.Ree2 h5 40.Nd7+ Kf7 41.Nc5 Bf5 42.Nb3 a4 43.Nc5 g4
44.fxg4 Bxg4 45.Nxa4  0-1

[Event "Seefeld op 9th"]
[Site "Seefeld"]
[Date "1998.??.??"]
[Round "2"]
[White "Caposciutti, Maurizio"]
[Black "Schumacher, Helmut"]
[Result "1-0"]
[WhiteElo "2360"]
[BlackElo "2180"]

1.Nf3 d5 2.c4 e6 3.b3 Nf6 4.g3 Be7 5.Bb2 O-O 6.Bg2 b6 7.O-O Bb7 8.e3 c5 9.Qe2 dxc4
10.bxc4 Nc6 11.Rd1 Qc7 12.Nc3 a6 13.d3 Rab8 14.Ne1 Na7 15.g4 Ne8 16.Bxb7 Rxb7
17.Ne4 f5 18.gxf5 exf5 19.Nc3 Nf6 20.f4 Bd6 21.Qf3 Nc6 22.Ng2 b5 23.Rab1 bxc4
24.dxc4 Rf7 25.Nd5 Nxd5 26.Qxd5 Bf8 27.Be5 Nxe5 28.fxe5 Rxb1 29.Rxb1 Kh8
30.Nf4 Rd7 31.Qe6 Qd8 32.Qxf5 Rd1+ 33.Rxd1 Qxd1+ 34.Kf2 Qd2+ 35.Ne2 Be7 36.Qc8+ Qd8
37.Qxd8+ Bxd8 38.Kf3 Kg8 39.Ke4 Kf7 40.Kd5 Be7 41.Ng3 g5 42.Ne4 h5 43.Nd6+ Kg6
44.Kxc5 g4 45.Kd5 h4 46.Ke4 Kg5 47.Nf5 Bb4 48.e6 h3 49.e7 Bxe7 50.Nxe7 g3
51.Nf5  1-0